000 00464nam a2200181Ia 4500
008 180424s9999 xx 000 0 und d
020 _a8177080229
084 _a658.834 D2
100 _a"Deepa Sharma, "
245 0 _aConsumer Grievance Redressal Under the Consumer Protection Act
250 _a\\200200ENGGPSX
260 _aNCBH
260 _b2002
260 _cNew Delhi
300 _a272p.
500 _aincludes index and biblioraphy
942 _cBK
999 _c66731
_d66731